4 phong cách làm việc
Nội dung sách đưa ra những cách ứng xử khoa học đã được kiểm chứng qua thực tiễn để tất cả mọi người: nhân viên, nhà quản lý, doanh nhân đều có thể áp dụng trong công việc hằng ngày.
Đã lưu trong:
| Tác giả chính: | |
|---|---|
| Định dạng: | Sách |
| Ngôn ngữ: | Undetermined |
| Được phát hành: |
Hà Nội
Lao động xã hội
2008
|
| Những chủ đề: | |
| Các nhãn: |
Thêm thẻ
Không có thẻ, Là người đầu tiên thẻ bản ghi này!
|
| Thư viện lưu trữ: | Trung tâm Học liệu Trường Đại học Cần Thơ |
|---|
| LEADER | 00939nam a2200205Ia 4500 | ||
|---|---|---|---|
| 001 | CTU_140245 | ||
| 008 | 210402s9999 xx 000 0 und d | ||
| 020 | |c 59000 | ||
| 082 | |a 650.13 | ||
| 082 | |b B694 | ||
| 100 | |a Bolton, Robert | ||
| 245 | 0 | |a 4 phong cách làm việc | |
| 245 | 0 | |c Robert Bolton, Dorothy Grover Bolton ; Thanh Ngân, Thanh Hương dịch | |
| 260 | |a Hà Nội | ||
| 260 | |b Lao động xã hội | ||
| 260 | |c 2008 | ||
| 520 | |a Nội dung sách đưa ra những cách ứng xử khoa học đã được kiểm chứng qua thực tiễn để tất cả mọi người: nhân viên, nhà quản lý, doanh nhân đều có thể áp dụng trong công việc hằng ngày. | ||
| 650 | |a Interpersonal relations,Interpersonal communication,Quan hệ cá nhân | ||
| 904 | |i Tuyến | ||
| 980 | |a Trung tâm Học liệu Trường Đại học Cần Thơ | ||